| 000 | 00784nam a2200217Ia 4500 | ||
|---|---|---|---|
| 003 | GCL | ||
| 008 | 140319s9999 xx 000 0 ara d | ||
| 020 | _a5281148977 | ||
| 040 |
_aGCL / _cGCL |
||
| 082 | 0 | 4 |
_a419 _bم م |
| 100 | 1 | _aمحمد بهجت قبيسي | |
| 245 | 1 | 0 |
_aملامح فى فقة اللهجات العربيات من الاكادية والكنعانية وحتى السبئية والعدنانية / _cمحمد بهجت قبيسي |
| 250 | _aالثانية | ||
| 260 |
_aسوريا : _bدار شمأل ، _c2000 |
||
| 300 |
_a743 ص ؛ _c24 سم |
||
| 650 | 0 | 4 | _aاللهجات |
| 650 | 0 | 4 | _aاللغة العربية - اللهجات |
| 650 | 0 | 4 | _aاللغة العربية - تاريخ |
| 650 | 0 | 4 | _aاللهجة الايلائية |
| 942 |
_2ddc _cBK |
||
| 999 |
_c30469 _d30469 |
||